000 00462nam a2200181Ia 4500
001 13597
005 20260306164812.0
008 260306t2006||||xx |||||||||||||| ||spa||
041 _aESP
082 _a005.1
_bC16
100 _aCairó Battistutti, Osvaldo
_eAUT
245 0 _aMetodología de la programación:
_balgoritmos, diagramas de flujo y programas
260 _c2006
300 _a
_c
650 _aGEN
654 _aCCC
942 _cLIB
_dJUS
_fJUS
_2ddc
_n
999 _c13597
_d13597